Państwa oddalone od Francji o dwie granice - Statystyki

Ogólne statystyki
  • Ten quiz został rozwiązany 198 razy
  • Średni wynik to 14 z 18
Statystyki odpowiedzi
Bezpośrednia granica Odpowiedź % Poprawnych
Niemcy Polska
99%
Hiszpania Portugalia
96%
Niemcy Czechy
94%
Włochy Austria
93%
Niemcy Dania
91%
Belgia, Niemcy Holandia
86%
Włochy San Marino
83%
Włochy Słowenia
83%
Włochy Watykan
82%
Szwajcaria Liechtenstein
80%
Brazylia Argentyna
70%
Brazylia Kolumbia
70%
Brazylia Boliwia
67%
Brazylia Paragwaj
67%
Brazylia Peru
67%
Brazylia Urugwaj
67%
Brazylia Wenezuela
67%
Brazylia, Surinam Gujana
56%
Nie znaleziono quizów pasujących do podanych kryteriów
Rozkład punktacji
Procent ludzi z każdym wynikiem
Percentyl według liczby udzielonych odpowiedzi
Twoja historia wyników
Nie rozwiązałeś tego quizu